000 00585nam a2200145 a 4500
008 120416s1981 ||||||||||||||||| || u
050 _aHG 229 Tyl
100 _aTylecote, Andrew
245 1 4 _aThe causes of the present inflation
246 _aan interdisciplinary explanationm of inflation in Britain, Germany and the United States
260 _a[London]
_bMacmillan
_c[1981]
300 _axvi, 236p. : ill.
350 _a0.00
995 _D0.00
_FCBU-MAIN LIBRARY (Kitwe)
_H1
_I0.00
_M1
_UAVAILABLE
_ZMain Library Open Access Collection
999 _c36872
_d36872